ბათუმის შოთა რუსთაველის სახელმწიფო უნივერსიტეტის ბიბლიოთეკა

კვების პროდუქტების ტექნოლოგია : (ბიბ.ჩანაწერი № 63309)

000 -ლიდერი
ფიქსირებული სიგრძის საკონტროლო ველი 01436nam a22002417a 4500
003 - საკონტროლო ნომრის იდენტიფიკატორი
საკონტროლო ველი Ge_BSU
005 - ბოლო ოპერაციის თარიღი და დრო
საკონტროლო ველი 20250801124139.0
008 - ფიქსირებული სიგრძის მონაცემთა ელემენტები - ზოგადი ინფორმაცია
ფიქსირებული სიგრძის საკონტროლო ველი 250801s2016 ge ||||| |||| 00| 0 geo d
020 ## - წიგნის საერთაშორისო სტანდარტული ნომერი
International Standard Book Number 9789941206085
041 ## - ენის კოდი
Language code of text/sound track or separate title geo
080 ## - უნივერსალური ათობითი კლასიფიკაციის ინდექსი
Universal Decimal Classification number 664(075.8) კ-45
245 ## - ცნობა სათაურის შესახებ
Title კვების პროდუქტების ტექნოლოგია :
Remainder of title [დამხმ. სახელმძღვანელო] /
Statement of responsibility, etc ავტორები: ნ. ბაღათურია, ნ. ბეგიაშვილი, გ. გოლეთიანი [და სხვ.] ; ნ. ბაღათურიას საერთო რედაქციით ;
264 ## - წარმოების, გამოცემის, დისტრიბუციის და სხვა ცნობები
გამოცემის, წარმოების, დისტრიბუციის... ადგილი თბილისი :
გამოცემის, წარმოების, დისტრიბუციის... სახელწოდება ტექნ. უნ-ტი,
გამოცემის, წარმოების, დისტრიბუციის... თარიღი 2016.
300 ## - ფიზიკური აღწერა
Extent 528 გვ. :
Other physical details სურ. ;
Dimensions 29 სმ.
504 ## - BIBLIOGRAPHY, ETC. NOTE
Bibliography, etc ბიბლიოგრ.: გვ. 527.
653 ## - INDEX TERM--UNCONTROLLED
Uncontrolled term კვების პროდუქტების წარმოების ტექნოლოგია -- სახელმძღვანელოები უმაღლესი სასწავლებლებისათვის.
653 ## - INDEX TERM--UNCONTROLLED
Uncontrolled term კვების მრეწველობა
700 ## - ADDED ENTRY--PERSONAL NAME
Personal name ბაღათურია, ნ
9 (RLIN) 25734
700 ## - ADDED ENTRY--PERSONAL NAME
Personal name ბეგიაშვილი, გ.
Relator term და სხვ
9 (RLIN) 25735
711 ## - ADDED ENTRY--MEETING NAME
Meeting name or jurisdiction name as entry element საქ. ტექნ. უნ-ტი.
9 (RLIN) 25736
773 ## - HOST ITEM ENTRY
Title ნაჩუქარი
942 ## - ADDED ENTRY ELEMENTS (KOHA)
Source of classification or shelving scheme
Koha item type წიგნი
ეგზემპლარები
ჩამოწერის სტატუსი დაკარგული ეგზემპლარის სტატუსი კლასიფიკაციის წყარო ან თაროზე გაწყობის სქემა დაზიანების სტატუსი არ გაიცემა მუდმივი მდებარეობა (დაცვის ადგილი) ამჟამინდელი ადგილსამყოფელი თაროზე განთავსების ადგილი შეძენის თარიღი ღირებულება, შესყიდვის ნორმალური ფასი სრული შენახვის შიფრი შტრიხკოდი ბოლო ოპერაციის თარიღი ეგზემპლარის მიმდევრობითი ნომერი (კეტერი?) ფასის ძალაში შესვლის თარიღი ეგზემპლარის სახეობა საჯარო შენიშვნა
          აგრარული და მემბრანული ტექნოლოგიების ინსტიტუტის ბიბლიოთეკა აგრარული და მემბრანული ტექნოლოგიების ინსტიტუტის ბიბლიოთეკა წიგნსაცავი 2025-08-01 15.00 664(075.8) კ-45 72234 2025-08-01 72234 2025-08-01 წიგნი 15.00